000 00653nam a2200205Ia 4500
003 LK-CoDNM
005 20241211091409.0
008 010623t1979 xxu||||| |||| 00| 1 sin d
040 _aLK-CoDNM
_dLK-CoDNM
_eLK-CoDNM
041 _asin
080 _a954.87
_bNIC
100 _aJayawardhana,Somapala
245 _aපුරාතන හා මධ්‍යතන ලංකාවේ ඓතිහාසික ස්ථාන විස්තරය
246 _aPuratana ha Madyatana Lankawe Etihaseka Stana Vistaraya
260 _bTisara
_aDehiwala
_c1979
300 _b272p. ; 21 cm
650 _aHistory
700 _aNicholas, C.W.
942 _cBK
999 _c111002
_d111002